000 00757nam a2200241 i 4500
001 180791
003 ES-MaACL
005 20250821102023.0
008 120712s1991 sp a |||| |dspa d
020 _a84-7679-199-2
080 _a7.035.93(460)
100 1 _aFreixa, Mireia.
_952474
245 1 0 _aArtes plásticas en el modernismo /
_cpor Mireia Freixa.
260 _aMadrid :
_bHistoria Viva,
_c[1991]
300 _aVIII, 31 p. :
_bil. col. y n. ;
_c24 cm.
490 1 _aCuadernos de arte español ;
_v25
504 _aBibliografía: p. 31.
594 _aEn cub.: Historia 16.
650 7 _aArte modernista-
_zEspaña.
_9143077
830 0 0 _aCuadernos de arte español
_v25
_9191338
852 _aES-MaACL
_j2314-F-1
999 _c180791
_d180791